00770 2200181 4500245005000000020002200050250001100072100001700083700001700100650002200117005001900139260004100158041001400199084001100213300002900224500032600253336000900579 aIntrover Juga Bisa SuksescZein MukhlishText a978-623-00-2405-4 aCet. 1 aZein Mukhlis aJulia Suzana aPengembangan Diri a20241007142653 aJakartabElex Media Komputindoc2021 aIndonesia a155.25 aviii, 207 hlm. :c21 cm. aBuku ini membahas motivasi dan inspirasi bagi orang-orang dengan kepribadian introver bahwa mereka juga bisa sukses. Melalui bahasan buku ini, seorang introver dengan beberapa karakter seperti lebih pendiam, suka menyendiri, menjauhi keramaian, serta tak ingin terlalu terlihat, tetap mampu menjadi hebat dan berprestasi. atext